000 02127cam a2200337 a 4500
003 EG-GiCUC
005 20250223032719.0
008 210325s2020 ua dho f m 000 0 eng d
040 _aEG-GiCUC
_beng
_cEG-GiCUC
041 0 _aeng
049 _aDeposite
097 _aM.Sc
099 _aCai01.13.13.M.Sc.2020.Al.I
100 0 _aAlshaimaa Ahmed Mohammed Ali
245 1 0 _aInvestigation of copper matrix by powder metallurgy technology for the manufacture of brake pads /
_cAlshaimaa Ahmed Mohammed Ali ; Supervised Abdelhalim Mohamed Abdelhalim , Omayma Abdelgawad Elkady
246 1 5 _aدراسة المواد المركبة من النحاس لتصنيع لقم الفرامل
260 _aCairo :
_bAlshaimaa Ahmed Mohammed Ali ,
_c2020
300 _a110 P . :
_bcharts , facsmilies , photographs ;
_c30cm
502 _aThesis (M.Sc.) - Cairo University - Faculty of Engineering - Department of Mechanical Design and Production
520 _aThis investigation pays attention to Cu-composite, which is formed from Cu matrix reinforced with graphite and iron. To demonstrate efficiency and increase the life time of copper matrix for brake pads, the graphite is to be added to Cu matrix with different amounts that are 0, 2, 6, and 12 wt. %. Microstructure by SEM, morphology XRD analysis, relative density, hardness, wear resistance and CTE of the sintered composites were investigated. The results show that the best relative density is 6wt. %Gr (97.31%) with hardness 105.3HV. The compressive strength increases with increasing graphite to 6%, and it decreases with increasing graphite by 12% in Cu matrix. The wear weight loss of S3,S4 and S5 specimens decreases with increasing graphite in Cu matrix. CTE decreases by increasing graphite to 6wt.%
530 _aIssued also as CD
653 4 _aBrake Pads
653 4 _aCu-Matrix
653 4 _aGraphite
700 0 _aAbdelhalim Mohamed Abdelhalim ,
_eSupervisor
700 0 _aOmayma Abdel Gawad Elkady ,
_eSupervisor
856 _uhttp://172.23.153.220/th.pdf
905 _aAmira
_eCataloger
905 _aNazla
_eRevisor
942 _2ddc
_cTH
999 _c80359
_d80359